| LEADER | 01620nam a2200397 4500 | ||
|---|---|---|---|
| 001 | DLU200194384 | ||
| 005 | ##20200121 | ||
| 020 | # | # | |a 9786049563997 |
| 040 | # | # | |a DLU |b vie |
| 041 | # | # | |a vie |
| 044 | # | # | |a vn |
| 082 | # | # | |a 028.909 597 |b Van |
| 245 | # | # | |a Văn hóa đọc ở Việt Nam hiện nay : |b Từ thực tiễn tiếp nhận văn học / |c Nguyễn Đăng Điệp chủ biên, ... [et al.]. |
| 260 | # | # | |a H. : |b Khoa học Xã hội, |c 2018. |
| 300 | # | # | |a 222 tr. ; |c 21 cm. |
| 504 | # | # | |a Tài liệu tham khảo: tr. 217-222. |
| 505 | # | # | |a Chương 1. Văn học trong bối cảnh văn hóa xã hội Việt Nam đương đại -- Chương 2. Xuất bản văn học ở Việt Nam đương đại -- Chương 3. Địa lý nhân văn và việc tiếp nhận văn học ở Việt Nam đương đại -- Chương 4. Tiếp nhận văn học với việc xây dựng văn hóa đọc ở Việt Nam đương đại -- Chương 5. Văn hóa đọc nhìn từ thực trạng đọc văn học ở Việt Nam đương đại : giải pháp và kiến nghị. |
| 650 | # | # | |a Đọc sách. |
| 700 | # | # | |a Đỗ Thị Hường. |
| 700 | # | # | |a Đoàn Ánh Dương. |
| 700 | # | # | |a Khương Việt Hà. |
| 700 | # | # | |a Nguyễn Đăng Điệp, |e chủ biên. |
| 700 | # | # | |a Nguyễn Huy Bỉnh. |
| 700 | # | # | |a Nguyễn Mạnh Tiến. |
| 700 | # | # | |a Vũ Thị Thu Hà. |
| 923 | # | # | |a 07/2019 |
| 991 | # | # | |a SH |
| 992 | # | # | |a 40000 |
| 994 | # | # | |a DLU |
| 900 | # | # | |a True |
| 911 | # | # | |a Nguyễn Thanh Hương |
| 925 | # | # | |a G |
| 926 | # | # | |a A |
| 927 | # | # | |a SH |
| 980 | # | # | |a Thư viện Trường Đại học Đà Lạt |


